| 000 | 00684nam a2200217Ia 4500 | ||
|---|---|---|---|
| 005 | 20250507130336.0 | ||
| 008 | 008 250505s9999 xx 000 0 eng d | ||
| 020 | _a9780199272112 | ||
| 037 | _aAnnuals, Advances | ||
| 040 |
_aEASL _beng _cEASL |
||
| 041 |
_aeng _2eng |
||
| 084 |
_aZ42,181, P4 _qEASL |
||
| 100 |
_aMilhaupt Curtis J. Au. _9665089 |
||
| 245 | 0 | _aEconomic Organizations and Corporate Governance in Japan:The Impact of Formal and Informal Rules | |
| 260 |
_aUK _bOxford Oxford University press _c2004 |
||
| 300 | _ax,250p. | ||
| 490 | _vV.4 | ||
| 700 | _aWest Mark D Au. | ||
| 942 |
_cTEXL _hZ42,181, P4 |
||
| 999 |
_c1319117 _d1319117 |
||